ARRUPE JESUIT UNIVERSITY

CORONAVIRUS -STOP THE SPREAD - CLEAN,DISINFECT,COVER

The Uganda Martyrs and the need for appropriate role models in adolescents' moral formation (Record no. 123867)

MARC details
000 -LEADER
fixed length control field 00686nam a22001697a 4500
008 - FIXED-LENGTH DATA ELEMENTS--GENERAL INFORMATION
fixed length control field 151208b xxu||||| |||| 00| 0 eng d
020 ## - INTERNATIONAL STANDARD BOOK NUMBER
International Standard Book Number 9783643901422
050 ## - LIBRARY OF CONGRESS CALL NUMBER
Classification number LC316.U33 M83 2012
100 ## - MAIN ENTRY--PERSONAL NAME
Personal name Mubiru, Charles Lwanga
9 (RLIN) 21295
245 ## - TITLE STATEMENT
Title The Uganda Martyrs and the need for appropriate role models in adolescents' moral formation
Remainder of title as seen from the traditional African education
Statement of responsibility, etc Charles Lwanga Mubiru
260 ## - PUBLICATION, DISTRIBUTION, ETC. (IMPRINT)
Place of publication, distribution, etc Zurich
Name of publisher, distributor, etc Faupel Publishing
Date of publication, distribution, etc 2012
300 ## - PHYSICAL DESCRIPTION
Extent xi, 321p. ;
Dimensions 21cm.
650 ## - SUBJECT ADDED ENTRY--TOPICAL TERM
Topical term or geographic name as entry element Moral education
Geographic subdivision Uganda
9 (RLIN) 21296
650 ## - SUBJECT ADDED ENTRY--TOPICAL TERM
Topical term or geographic name as entry element Social values
General subdivision Study and teaching
Geographic subdivision Uganda
9 (RLIN) 21297
650 ## - SUBJECT ADDED ENTRY--TOPICAL TERM
Topical term or geographic name as entry element Martyrs of Uganda (Christian Saints)
9 (RLIN) 21298
942 ## - ADDED ENTRY ELEMENTS (KOHA)
Source of classification or shelving scheme Library of Congress Classification
Item type Monograph ( Printed materials)
Holdings
Withdrawn status Lost status Source of classification or shelving scheme Damaged status Not for loan Collection code Home library Current library Shelving location Date acquired Total Checkouts Full call number Barcode Date last seen Price effective from Koha item type
    Library of Congress Classification     Main Collection ARRUPE LIBRARY ARRUPE LIBRARY Main Collection 08/12/2015   LC316.U33 M83 2012 46500005830 28/06/2018 08/12/2015 Monograph ( Printed materials)

 

Arrupe Library. PO Box MP320 Mt Pleasant, Harare, Zimbabwe
263 242 745411|librarian@aju.ac.zw